| 000 | 01148nam a2200277 a 4500 | ||
|---|---|---|---|
| 001 | 000008969 | ||
| 005 | 20251120073732.0 | ||
| 008 | 090922s1989 dr r 000 p spa d | ||
| 040 |
_aDO-SdBNP _bspa _cBNPHU |
||
| 082 |
_aRD861.009 _bR789c |
||
| 100 | 1 |
_aRosario Candelier, Bruno, _d1941- _9851 |
|
| 245 | 1 | 3 |
_aLa creación mitopoética : _bsímbolos y arquetipos en la lírica dominicana / _cBruno Rosario Candelier. |
| 260 |
_aSantiago, República Dominicana : _bPUCMM, _c1989. |
||
| 300 |
_a252 p. ; _c24 cm. |
||
| 490 | 1 | _aEstudios/Universidad Católica Madre y Maestra | |
| 500 | _aIncluye datos biográficos del autor en la solapa de la cubierta | ||
| 504 | _aIncluye referencias bibliográficas y notas al pie de las páginas | ||
| 586 | _aPremio Siboney | ||
| 590 | _aInventariado, 2018/BT | ||
| 650 | 4 |
_aPoesía dominicana _ySIGLO XX _xHistoria y crítica _923569 |
|
| 650 | 4 |
_aLiteratura domicana _923570 |
|
| 650 | 4 |
_aMito en la literatura _99806 |
|
| 710 | 2 |
_aPontificia Universidad Católica Madre y Maestra _9843 |
|
| 830 | 0 |
_aEstudios/Universidad Católica Madre y Maestra _923571 |
|
| 910 | _aValidado. Control de calidad. MFF | ||
| 999 |
_c8733 _d8733 |
||